| Tag |
First Indicator |
Second Indicator |
Subfields |
| LEADER |
00000nam a2200000 4500 |
| 001 |
in00004188213 |
| 005 |
20200806082235.0 |
| 006 |
m g d |
| 007 |
cr bn |||a|bb| |
| 008 |
980519q16801685enka o 00 eng d |
| 035 |
|
|
|a (UnM)99887631
|
| 037 |
|
|
|a CL2105000001
|b ProQuest Information and Learning. 300 N. Zeeb Rd., Ann Arbor, MI 48106
|
| 040 |
|
|
|a Cu-RivES
|c Cu-RivES
|e dcrb
|
| 245 |
0 |
0 |
|a Cupid's court of equity. :
|b The scornful lady quickly took, while she her love disdain'd: she was prick'd down in Cupid's book, his vassal she remain'd. Tune of, When first I bid my love good-morrow.
|
| 260 |
|
|
|a [London] :
|b Printed for P. Brooksby, at the Golden-Ball, near the Hospital-gate, in West-Smithfield,
|c [between 1680-1685]
|
| 300 |
|
|
|a 1 online resource (1 sheet ([1] pages) :
|b illustrations (woodcuts).
|
| 336 |
|
|
|a text
|b txt
|2 rdacontent
|
| 337 |
|
|
|a computer
|b c
|2 rdamedia
|
| 338 |
|
|
|a online resource
|b cr
|2 rdacarrier
|
| 500 |
|
|
|a Place and date of publication suggested by Wing.
|
| 500 |
|
|
|a Verse: "When first I bid my love good morrow ..."
|
| 500 |
|
|
|a Trimmed.
|
| 500 |
|
|
|a Reproduction of original in the British Library.
|
| 510 |
4 |
|
|a Wing (CD-ROM, 1996)
|c C7599
|
| 510 |
4 |
|
|a Early English books tract supplement interim guide
|c C.20.f.8[57]
|
| 533 |
|
|
|a Electronic reproduction.
|b Ann Arbor, Mich. :
|c UMI,
|d 1999-
|f (Early English books online)
|n Digital version of: (Early English books; Tract supplement ; A5:2[46])
|7 s1999 miun s
|
| 650 |
|
0 |
|a Broadsides
|z England
|z London
|v Early works to 1800.
|
| 650 |
|
0 |
|a Cupid (Roman deity)
|v Early works to 1800.
|
| 650 |
|
0 |
|a Love poetry, English
|z England
|v Early works to 1800.
|
| 655 |
|
7 |
|a Ballads
|z England
|y 17th century.
|2 rbgenr
|
| 730 |
0 |
|
|a When first I bid my love good-morrow.
|
| 830 |
|
0 |
|a Early English books online.
|
| 856 |
4 |
0 |
|u http://proxy.library.tamu.edu/login?url=https://search.proquest.com/docview/2248541910
|z Connect to the full text of this electronic book
|t 0
|
| 999 |
f |
f |
|s 1ce5e3ed-2a7a-33ee-bfa8-78bbd2d0a448
|i bbd3debb-f767-3f70-b406-2683f97b4ba9
|t 0
|
| 952 |
f |
f |
|a Texas A&M University
|b College Station
|c Electronic Resources
|d Available Online
|t 0
|h No information provided
|
| 998 |
f |
f |
|t 0
|l Available Online
|